01380 2200229 4500001002100000005001500021035002000036007000300056008004100059020001800100082001000118084001600128100002100144245003000165250001100195260004100206300003900247650001000286650001200296520082500308990001701133INLIS00000000000224620260429083333 a0010-0426000003ta260429 g f ind  a979-780-669-3 a82-31 a82-31 TOR l0 aTorashyngu, Luna1 aLove, Secret, and Justice aCet. 1 aJakarta Selatan :bGagasMedia,c2013 aiv, 232 hlm :bilus. ;c13 x 19 cm 4aNOVEL 4aROMANCE aNovel ini merupakan bagian dari jagat cerita khas Luna Torashyngu yang memadukan unsur remaja (teenlit) dengan aksi dan misteri. Cerita ini berpusat pada Ariza, seorang gadis SMA yang kehidupan normalnya mendadak berubah menjadi penuh ketegangan. Luna Torashyngu kembali membawa pembaca ke dalam narasi yang melibatkan konspirasi, rahasia masa lalu, dan pencarian keadilan yang berbahaya. Kehidupan Ariza mulai terusik ketika ia secara tidak sengaja terlibat dalam pusaran masalah yang melibatkan orang-orang di sekitarnya. Di sisi lain, muncul sosok Vira—karakter ikonik dari seri D'Angel—yang menambah lapisan misteri dalam plot ini. Vira hadir bukan sekadar sebagai pelengkap, melainkan sebagai katalisator yang membawa Ariza memahami bahwa kebenaran sering kali tersembunyi di balik lapisan kebohongan yang rapi. a4048/BBPP/26